Normal view MARC view

Entry Personal Name

Number of records used in: 1

001 - CONTROL NUMBER

  • control field: 9176

003 - CONTROL NUMBER IDENTIFIER

  • control field: DLC

005 - DATE AND TIME OF LATEST TRANSACTION

  • control field: 20221010154238.0

008 - FIXED-LENGTH DATA ELEMENTS

  • fixed length control field: 870512n| acannaab| |a aaa

010 ## - LIBRARY OF CONGRESS CONTROL NUMBER

  • LC control number: n 87830866

040 ## - CATALOGING SOURCE

  • Original cataloging agency: DLC
  • Transcribing agency: DLC
  • Modifying agency: Uk

100 10 - HEADING--PERSONAL NAME

  • Personal name: Boella, M. J.
  • Fuller form of name: (Michael John)

400 10 - SEE FROM TRACING--PERSONAL NAME

  • Personal name: Boella, Michael John

670 ## - SOURCE DATA FOUND

  • Source citation: nuc87-43270: His Personnel management in the hotel and catering industry, c1983
  • Information found: (hdg. on NIC rept.: Boella, M. J. (Michael John); usage: M.J. Boella)

670 ## - SOURCE DATA FOUND

  • Source citation: Working in an hotel, 1979:
  • Information found: t.p. (Michael J. Boella)

670 ## - SOURCE DATA FOUND

  • Source citation: BL AL recd. 25 Oct. 1988
  • Information found: (Michael John Boella, born 1938)

670 ## - SOURCE DATA FOUND

  • Source citation: Principles of hospitality law, 1999:
  • Information found: t.p. (Michael Boella) back cover (principal lecturer at the Univ. of Brighton, teaching law and international business; visiting prof. at the Univ. of Perpignan, France)

Powered by Koha